000 00369nam a2200157Ia 4500
008 221030s9999 xx 000 0 und d
041 _aEnglish
082 _a105.23
_bWat
100 _aM. Watts
245 0 _aWhat Is A Market Economy ?
_cby M. Watts
250 _a2nd
260 _bAmerican Embassy
_aNew Delhi
_c2004
300 _a32
650 _aGeneral
942 _cBK
999 _c484
_d484